Historická šlechta a občanská politika: poslanci konzervativní šlechty zvolení na Moravě mimo velkostatkářskou kurii
| Titel: | Historická šlechta a občanská politika: poslanci konzervativní šlechty zvolení na Moravě mimo velkostatkářskou kurii |
|---|---|
| Verfasser: | |
| In: |
JUDr. Václav Kounic a jeho doba, (2009), Seite 183-221 alle Artikel anzeigen |
| Veröffentlicht: | 2009 |
| Format: | Aufsatz |
| Sprache: | Tschechisch |
X
alg: 39330153
001A $01999:11-11-16
001B $01999:28-04-17 $t15:44:02.000
001D $01999:11-11-16
001U $0utf8
001X $00
002@ $0Aox
003@ $0393301532
007A $0393301532 $aHEB
007T $0Herdpp153497
010@ $acze
011@ $a2009
021A $aHistorická šlechta a občanská politika: poslanci konzervativní šlechty zvolení na Moravě mimo velkostatkářskou kurii
028A $7138140944 $8Malíř, Jiří$Z1949- [Tp1] $9212161199
031A $h183-221 $j2009
037A $aRés. něm. s. 221: Der historische Adel und die bürgerliche Politik: die Abgeordneten des konservativen Adels, die in M'ahren ausserhalb der Grossgrundbesitzerkurie gewählt wurden
039B $aIn $8--Aau--. JUDr. Václav Kounic a jeho doba. - Vyd. 1.. - Brno : Matice Moravská {[u.a.], 2009. - 359, XLVIII S.. - Ill.. - ISBN 978-80-86488-61-5 $x200900000000000817 $9245963596
lok: 39330153 78
exp: 39330153 78 1 #EPN
201B/01 $009-10-20 $t22:40:34.000
201U/01 $0utf8
203@/01 $078941192X
208@/01 $a11-11-16 $be
209A/01 $a/ $f000 $x00
220C/01 $aHerkunft: Hú Av Čr Praha
244Z/01 $#Tschechien $#Tschechische Republik $#Tschechische Republik $#Tschechenland $#Tschechei Tschechien $#Česká Republika $#Czech Republic $#ČR $74303381-7 $8--Tg1--Tschechien $x01 $9086659812
244Z/01 $2Trx $#Böhmen $#Bohemia $#Czechy $8--Trx--Čechy $x02 $9391188941
244Z/01 $#Mähren $#Markgrafschaft Mähren $#Kronland Mähren $#Morava $#Markrabství Moravské $#Moravia $#Mehren $#מעהרין $#מדינת מעהרין $74074432-2 $8--Tg1--Mähren $x03 $9085209619
244Z/01 $aGeschichte 1861-1914 $x04
244Z/01 $#Belcredi, Ekbert $#Belcredi, Egbert von $713592443X $8--Tp1--Belcredi, Egbert$Z1816-1894 $x05 $9202575365
244Z/01 $2Trx $8--Trx--Bojakovský z Knurova, Ferdinand$Z1832-1896 $x06 $9390860115
244Z/01 $2Trx $#Schönborn, Bedřich Ervín $#Schönborn-Buchheim, Bedřich Ervín $8--Trx--Schönborn, Friedrich Erwein$Z1841-1907 $x07 $9390650188
244Z/01 $2Trx $#Seilern-Aspang, Karel František $8--Trx--Seilern-Aspang, Karl Franz von$Z1852-1907 $x08 $9390829552
244Z/01 $2Trx $8--Trx--Thun-Hohenstein, Jaroslav$Z1864-1929 $x09 $9390801739
244Z/01 $2Trx $#aadel Böömimaa $#Čekijos bajorai $#gentry Bohemia $#nemesség Bohémia $#szlachta Czechy $#šľachta Čechy $#šlechta Čechy $8--Trx--Adel$gBöhmen $x10 $9391368141
244Z/01 $2Trx $#rahvasaadikud $#pasiuntiniai $#deputies $#képviselők $#posłowie $#poslanci $#poslanci $8--Trx--Abgeordnete $x11 $9391381369
244Z/01 $aživot politický $x12
244Z/01 $2Trx $8--Trx--Einzelbeiträge $x13 $9391384570
247C/01 $82080>Marburg/Lahn, Herder-Institut, Forschungsbibliothek, Bibliographieportal $9336309341
| LEADER | 00000caa a22000002c 4500 | ||
|---|---|---|---|
| 001 | 393301532 | ||
| 003 | DE-603 | ||
| 005 | 20170428154402.0 | ||
| 007 | tu | ||
| 008 | 161111s2009 xx |||| | u00||u|cze c | ||
| 035 | |a (DE-599)HEB393301532 | ||
| 040 | |a DE-603 |b ger |c DE-603 |d DE-603 | ||
| 041 | |a cze | ||
| 100 | 1 | |a Malíř, Jiří |d 1949- |0 (DE-603)212161199 |0 (DE-588)138140944 |2 gnd | |
| 245 | 0 | 0 | |a Historická šlechta a občanská politika: poslanci konzervativní šlechty zvolení na Moravě mimo velkostatkářskou kurii |
| 264 | 0 | |c 2009 | |
| 500 | |a Rés. něm. s. 221: Der historische Adel und die bürgerliche Politik: die Abgeordneten des konservativen Adels, die in M'ahren ausserhalb der Grossgrundbesitzerkurie gewählt wurden | ||
| 773 | 0 | 8 | |i In |t JUDr. Václav Kounic a jeho doba |b Vyd. 1. |d Brno : Matice Moravská [u.a.], 2009 |h 359, XLVIII S., Ill. |z 9788086488615 |z 8086488616 |g (2009), Seite 183-221 |w (DE-603)245963596 |
| 924 | 0 | |9 2080 |a (DE-603)78941192X |b DE-2080 |c HES |d d |g / | |


